Loading...
Case studies in management /
| Andre forfattere: | |
|---|---|
| Format: | Printed Book |
| Udgivet: |
New Delhi:
Vikas,
2009.
|
| Fag: |
| LEADER | 00529cam a2200169ua 4500 | ||
|---|---|---|---|
| 008 | 100701t2009||||||||||| 00 ||||| c | ||
| 082 | |a 658.007 22 |b PRE/C | ||
| 245 | 1 | 0 | |a Case studies in management / |
| 260 | |a New Delhi: |b Vikas, |c 2009. | ||
| 300 | |a 296p.. | ||
| 362 | 1 | |a 2009. | |
| 650 | |a Management | ||
| 650 | 0 | |a Management-Research | |
| 700 | 0 | 2 | |a Prem Vrat, K.K. |
| 942 | |c BK | ||
| 999 | |c 22547 |d 22547 | ||
| 952 | |0 0 |1 0 |4 0 |6 658_007000000000000_22_PRE |7 0 |9 23909 |a KUCL |b KUCL |d 2014-05-23 |l 0 |o 658.007 22 PRE/ |p 23005 |r 2014-05-23 |w 2014-05-23 |y BK | ||